000 00512nam a2200205Ia 4500
003 0100
008 130307s9999 xx 000 0 und d
040 _cARRUPELIB
050 _aBL80.C337 1944
100 _aChampion, Selwyn Gurney
245 4 _aThe eleven religions and their proverbial lore
260 _aLondon
260 _bGeorge Routledge and Sons
260 _c1944
300 _a339p.
300 _b23 cm.
650 _aRELIGION
650 _bPhilosophy, Oriental - Encyclopedias
942 0 0 _04
999 _c96607
_d96607